Quasigroups and loops: introduction
Gardado en:
| Autor Principal: | |
|---|---|
| Formato: | Libro |
| Idioma: | inglés |
| Publicado: |
Berlín
Heldermann Verlag
1990
|
| Series: | Sigma Series in Pure Mathematics, 7
|
| Subjects: | |
| Tags: |
Engadir etiqueta
Sen Etiquetas, Sexa o primeiro en etiquetar este rexistro!
|
MARC
| LEADER | 00000nam a2200000 a 4500 | ||
|---|---|---|---|
| 001 | UCY7552 | ||
| 003 | CL-VaPUC | ||
| 008 | 950614e19900000GW |||||||||||||||||eng|d | ||
| 082 | 0 | 4 | |a 512.2 |b PFL |2 21 |
| 100 | 0 | |a Pflugfelder, Hala O |e author |9 338083 | |
| 245 | 1 | 0 | |a Quasigroups and loops: introduction |
| 300 | |a 147 p | ||
| 942 | |c BK | ||
| 945 | |d 19950614 00:00:00 |a awong | ||
| 260 | |a Berlín |b Heldermann Verlag |c 1990 | ||
| 650 | 0 | |a Álgebra |9 259567 | |
| 650 | 0 | |a Teoría de grupos |9 270028 | |
| 650 | 0 | |a Geometría |9 264063 | |
| 583 | |a last modification |c 19950614 00:00:00 |k Rodrigo Vera | ||
| 490 | 0 | |a Sigma Series in Pure Mathematics, 7 | |
| 999 | |c 234895 |d 234893 | ||
| 952 | |0 0 |1 0 |4 0 |6 512_200000000000000_PFL_1990 |7 0 |8 A |9 241674 |a BIBMAT |b BIBMAT |d 2019-11-18 |i 3090280 |o 512.2 PFL 1990 |p 3090280 |r 2025-01-07 |w 2019-11-18 |y BK |k MAT | ||